000 01298cam a22002891i 4500
003 SA_RiAUC
005 20250311123848.0
008 250309s2012____le g b 000 0 ara c
040 _aSA-RiIMS
_bara
_cSA-RiAUC
_erda
082 0 4 _a257.1
_qSA-RiAUC
090 _a257.1
_bح ض ر
100 1 _aالحضرمي، محمد بن الحسن المرادي،
_dحوالي 410-487 هجري
_eمؤلف.
245 1 0 _aكتاب الإشارة إلى أدب الإمارة /
_cتأليف أبي بكر محمد بن الحسن الحضرمي القيرواني ؛ دراسة وتحقيق رضوان السيد.
246 3 0 _aالإشارة إلى أدب الإمارة
250 _aالطبعة الثانية.
264 1 _aبيروت :
_bمركز ابن الأزرق لدراسات التراث السياسي،
_c2012
300 _a230 صفحة ؛
_c21 سم
336 _aنص
_btxt
_2rdacontent
_3كتاب
337 _aبدون وسيط
_bn
_2rdamedia
338 _aمجلد
_bnc
_2rdacarrier
504 _aببليوجرافية : صفحة 251-264.
650 7 _aنظم الحكم في الإسلام
_2aucsh
650 7 _aالأحكام السلطانية
_2aucsh
700 1 _aالسيد، رضوان،
_d1949-
_eمحقق.
942 _2ddc
_cBOOK
_n0
949 _aSA-JeALM
_d250309
_umohamedma123
_n1
999 _c6360
_d6360